[Event "?"]
[Site "Chess.com iPhone"]
[Date "2025.02.14"]
[Round "?"]
[White "Ian"]
[Black "Artem_Guk"]
[Result "0-1"]
[GameId "exh879WF"]
[WhiteElo "2795"]
[BlackElo "1016"]
[Variant "Standard"]
[TimeControl "-"]
[Termination "Normal"]
[Annotator "live.chess-online.com"]

1. d4 { [%eval 0.25] } 1... d5 { [%eval 0.48] } 2. c4 { [%eval 0.25] } 2... Bf5?! { (0.25 → 1.18) Inaccuracy. e6 was best. } { [%eval 1.18] } (2... e6 3. cxd5 exd5 4. Nc3 Nf6 5. Bg5 Be7 6. e3 O-O 7. Bd3) 3. Qb3 { [%eval 0.71] } { D06 Queen's Gambit Declined: Baltic Defense, Queen Attack } 3... e6 { [%eval 0.7] } 4. Qxb7 { [%eval 0.69] } 4... Nd7 { [%eval 0.81] } 5. Nc3 { [%eval 0.5] } 5... Rb8 { [%eval 0.62] } 6. Qxa7 { [%eval 0.66] } 6... Ra8 { [%eval 0.66] } 7. Qb7 { [%eval 0.52] } 7... Rb8 { [%eval 0.75] } 8. Qc6?! { (0.75 → 0.17) Inaccuracy. Qa6 was best. } { [%eval 0.17] } (8. Qa6 Bb4) 8... Bb4 { [%eval 0.52] } 9. Bf4? { (0.52 → -1.09) Mistake. c5 was best. } { [%eval -1.09] } (9. c5 Ne7) 9... e5 { [%eval -1.36] } 10. Bxe5 { [%eval -1.23] } 10... Ne7 { [%eval -1.0] } 11. Qxc7?! { (-1.00 → -1.97) Inaccuracy. Qa4 was best. } { [%eval -1.97] } (11. Qa4 O-O) 11... Nxe5 { [%eval -1.51] } 12. Qxe5?? { (-1.51 → -5.11) Blunder. Qxd8+ was best. } { [%eval -5.11] } (12. Qxd8+ Rxd8) 12... Ba5 { [%eval -4.47] } 13. Rc1?! { (-4.47 → -6.66) Inaccuracy. g4 was best. } { [%eval -6.66] } (13. g4 Rxb2) 13... Rxb2 { [%eval -6.15] } 14. Qe3 { [%eval -7.76] } 14... O-O { [%eval -7.71] } 15. g4 { [%eval -7.77] } 15... Bxg4 { [%eval -7.63] } 16. Bg2 { [%eval -9.47] } 16... Nf5 { [%eval -9.82] } 17. Qf4 { [%eval -9.76] } 17... Bxc3+ { [%eval -9.39] } 18. Rxc3 { [%eval -12.13] } 18... Qa5 { [%eval -11.58] } 19. Qc1 { [%eval -11.35] } 19... Qxa2 { [%eval -10.24] } 20. f3 { [%eval -12.9] } 20... Re8 { [%eval -12.39] } 21. Qd1 { [%eval -12.98] } 21... Nxd4 { [%eval -12.06] } 22. Bf1 { [%eval -12.55] } 22... Bxf3 { [%eval -11.17] } 23. Nxf3?! { (-11.17 → Mate in 10) Checkmate is now unavoidable. Rxf3 was best. } { [%eval #-10] } (23. Rxf3 Rb1) 23... Nxe2 { [%eval #-10] } 24. Re3 { [%eval #-8] } 24... Rxe3 { [%eval #-7] } 25. Kf2 { [%eval #-7] } 25... Nc3+?! { (Mate in 7 → -25.91) Lost forced checkmate sequence. Rxf3+ was best. } { [%eval -25.91] } (25... Rxf3+ 26. Kxf3 Qa3+ 27. Kg4 f5+ 28. Kxf5 Qf8+ 29. Ke6 Rb6+ 30. Kd7 Qd6+ 31. Kc8 Rb8#) 26. Kxe3 { [%eval -24.11] } 26... Nxd1+ { [%eval -21.72] } 27. Kd4?! { (-21.72 → Mate in 6) Checkmate is now unavoidable. Kf4 was best. } { [%eval #-6] } (27. Kf4 dxc4) 27... Qa7+ { [%eval #-5] } 28. Kxd5 { [%eval #-5] } 28... Nc3+ { [%eval #-4] } 29. Ke5 { [%eval #-4] } 29... Qe3+ { [%eval #-3] } 30. Kd6 { [%eval #-3] } 30... Rb7 { [%eval #-2] } 31. Bg2 { [%eval #-2] } 31... Qb6+ { [%eval #-1] } 32. Ke5 { [%eval #-1] } 32... Qf6# { Black wins by checkmate. } 0-1